Đồ hoạ máy tính Sử dụng nhanh Adobe photoshop(tập 1)

שמור ב:
מידע ביבליוגרפי
מחבר ראשי: Không rõ
פורמט: ספר
שפה:Vietnamese
יצא לאור: Sunshine 1995
תגים: הוספת תג
אין תגיות, היה/י הראשונ/ה לתייג את הרשומה!
Thư viện lưu trữ: Mạng thư viện Đại học Đà Nẵng
LEADER 00642nam a2200277 4500
001 000025488
003 1062
005 20150325120000.0
008 150325s vm 000 vie
020 |c 0,0000 
040 |a D2 
100 |a Không rõ 
245 |a Đồ hoạ máy tính Sử dụng nhanh Adobe photoshop(tập 1) 
260 |b Sunshine  |c 1995 
300 |a 557tr. ; 
OWN |a LTT 
999 |a From the UDN01 
TYP |a Monograph 
TYP |a Printed language 
980 |a Mạng thư viện Đại học Đà Nẵng